000
00267nam a2200109Ia 4500
008
190216s9999||||xx |||||||||||||| ||und||
100
_a
Noorani A G
245
0
_a
Aspects Of Indian Foreign Policy
260
_b
Jaico Publishing House
650
_a
History
942
_c
BK
999
_c
19933
_d
19933